000 00358nam a22001457a 4500
003 macl
005 20200212154147.0
008 200212b xxu||||| |||| 00| 0 eng d
040 _cmacl
100 _aGyoal, R K
_978142
245 _aLord Krishana & Arjuna
260 _aDelhi
_bChildren Book Centre
_c2017
650 _aStories
_978143
942 _2ddc
_cBK
999 _c62027
_d62027